00815 2200181 4500001002100000005001500021035002000036245010000056100000800156250001200164300003200176260003700208082000800245084001400253020002200267650001400289520033000303INLIS00000000000019220210302085409 a0010-03210000191 aThe Miracle of Colors :bKeajaiban Buah & Sayur Warna Kuning, Orange, dan Merah /cDwi Ermawati0 aDwi aedisi.1 a120hal. :bilus. ;c15x19cm aYogyakarta :bAndi Offset,c2017 a634 a634 DWI t a978-979-29-6634-3 4aPertanian aPervedaan warna pada setiap jenis buah mengindikasikan kandungan dan manfaat tersendiri antara buah yang satu dengan buah yang lainnya. Warna pada buah disebabkan oleh pigmen yang terkandung dalam buah tersebut. Pigmen pada buah tidak hanya berfungsi sebagai pemberi warna, tetapi juga memiliki manfaat untuk kesehatan tubuh.